000 00815nam a2200241Ia 4500
003 OSt
005 20220923212542.0
006 a|||||r|||| 00| 0
007 ta
008 220922b |||||||| |||| 00| 0 hin d
024 _a154,001
037 _cTextual
040 _aARTS
_cARTS
_bhin
041 _2hin
_ahin
082 _aO152vN5, K8.1-.3
100 _aटंडन, प्रताप नारायण
_9158533
245 0 _aहिन्दी साहित्य का प्रवृतिगत इतिहास
246 _aHindī sāhitya kā pravṛutigat itihāsa
260 _c1968
650 _aहिन्दी साहित्य
_9156264
942 _hO152vN5, K8.1-.3
_cTEXL
_2CC
999 _c309629
_d309629